Central Library OPAC University of Rajshahi

বাঙলা, বাঙালী ও বাঙালীত্ব / (Record no. 54125)

MARC details
000 -LEADER
fixed length control field 00859nam a2200229 a 4500
001 - CONTROL NUMBER
control field 54125
003 - CONTROL NUMBER IDENTIFIER
rucl marc code BD-RjUL
005 - DATE AND TIME OF LATEST TRANSACTION
control field 20211209080057.0
008 - FIXED-LENGTH DATA ELEMENTS--GENERAL INFORMATION
fixed length control field 161102s1992 ii ||||| |||| 00| 0 ben d
020 ## - INTERNATIONAL STANDARD BOOK NUMBER
Terms of availability : IRs 80.00
035 ## - SYSTEM CONTROL NUMBER
System control number (BD-RjUL)54247
040 ## - CATALOGING SOURCE
Original cataloging agency BD-RjUL
Language of cataloging ben
Transcribing agency BD-RjUL
041 ## - LANGUAGE CODE
Language code of text/sound track or separate title ben
082 ## - DEWEY DECIMAL CLASSIFICATION NUMBER
Edition number 23
Classification number 491.4409
Author mark and year SHB 1992
100 ## - MAIN ENTRY--PERSONAL NAME
Personal name শরীফ, আহমদ
9 (RLIN) 161604
245 10 - TITLE STATEMENT
Title বাঙলা, বাঙালী ও বাঙালীত্ব /
Statement of responsibility, etc. আহমদ শরীফ
260 ## - PUBLICATION, DISTRIBUTION, ETC. (IMPRINT)
Place of publication, distribution, etc. কলিকাতা :
Name of publisher, distributor, etc. সাহিত্য লোক,
Date of publication, distribution, etc. ১৯৯২
300 ## - PHYSICAL DESCRIPTION
Pagination [২০], ২৯৪ পৃ. ;
Size ২১ সেমি.
650 ## - SUBJECT ADDED ENTRY--TOPICAL TERM
Topical term or geographic name as entry element বাংলা ভাষা
General subdivision ইতিহাস ও সমালোচনা
9 (RLIN) 123477
Topical term or geographic name as entry element Bengali Language
General subdivision History & Criticism
9 (RLIN) 126541
942 ## - ADDED ENTRY ELEMENTS (KOHA)
Source of classification or shelving scheme Dewey Decimal Classification
Koha item type Books
Holdings
Lost status Source of classification or shelving scheme Damaged status Not for loan Collection code Permanent Location Current Location Shelving location Date acquired Source of acquisition Cost, normal purchase price Total Checkouts Full call number Date last seen Date checked out Copy number Koha item type
  Dewey Decimal Classification     Non-fiction Central Library, University of Rajshahi Central Library, University of Rajshahi   19/11/2005 Paragon Enterprises Dhaka 80.00 1 B 491.4409 SHB 1992 24/12/2016 10/12/2016 C-2 Books
  Dewey Decimal Classification   Not For Loan Non-fiction Central Library, University of Rajshahi Central Library, University of Rajshahi Reading Room 19/11/2005 Paragon enterprise, Dhaka. 80.00   B 491.4409 SHB 1992 14/05/2017   C-1 Books